| 000 | 00675 a2200229 4500 | ||
|---|---|---|---|
| 005 | 20260408144253.0 | ||
| 008 | 260408b |||||||| |||| 00| 0 eng d | ||
| 020 | _a9781538162774 | ||
| 037 | _cTB | ||
| 040 |
_aCRL _cCRL |
||
| 041 |
_2eng _aeng |
||
| 084 |
_aV41.N5 R2 _qCRL |
||
| 100 |
_aESherik, Joseph W. _91116089 |
||
| 245 |
_aChina in revolution: _bHistory lessons |
||
| 260 |
_aLanham, USA: _bRowman & Littlefield, _c2022. |
||
| 300 | _a423p. | ||
| 365 |
_b36.00 _cGBP |
||
| 650 |
_aChina-History _9815082 |
||
| 650 | _aHistory | ||
| 942 |
_cTB _2CC _hV41.N5 R2 |
||
| 999 |
_c1679877 _d1679877 |
||